Catálogo público

Springer Journal (Record no. 220205)

MARC details
000 -CABECERA
campo de control de longitud fija 00974nam a22002297a 4500
003 - IDENTIFICADOR DEL NÚMERO DE CONTROL
campo de control OSt
005 - FECHA Y HORA DE LA ÚLTIMA TRANSACCIÓN
campo de control 20250218131905.0
008 - DATOS DE LONGITUD FIJA--INFORMACIÓN GENERAL
campo de control de longitud fija 241018b |||||||| |||| 00| 0 eng d
040 ## - FUENTE DE LA CATALOGACIÓN
Centro catalogador/agencia de origen Chap
Centro/agencia transcriptor Chap
245 00 - MENCIÓN DE TÍTULO
Título Springer Journal
264 ## - PRODUCCIÓN, PUBLICACIÓN, DISTRIBUCIÓN, FABRICACIÓN Y COPYRIGHT
Nombre del de productor, editor, distribuidor, fabricante Springer Nature
500 ## - NOTA GENERAL
Nota general 1910 Journals.<br/>1451 journals con factor de impacto.<br/>Adicionalmente se tiene acceso a 546 títulos en Acceso Abierto
505 ## - NOTA DE CONTENIDO CON FORMATO
Nota de contenido con formato Temática multidisciplinaria, medicina, ciencias de la vida y biomédica, matemáticas y estadística, ciencias del medio ambiente y de la tierra, ciencias materiales y química.
650 #4 - PUNTO DE ACCESO ADICIONAL DE MATERIA--TÉRMINO DE MATERIA
Término de materia o nombre geográfico como elemento de entrada Medicina
9 (RLIN) 73899
650 #4 - PUNTO DE ACCESO ADICIONAL DE MATERIA--TÉRMINO DE MATERIA
Término de materia o nombre geográfico como elemento de entrada Matemáticas
9 (RLIN) 72901
650 #4 - PUNTO DE ACCESO ADICIONAL DE MATERIA--TÉRMINO DE MATERIA
Término de materia o nombre geográfico como elemento de entrada Estadística
9 (RLIN) 38241
856 ## - LOCALIZACIÓN Y ACCESO ELECTRÓNICOS
Identificador Uniforme del Recurso <a href="http://link.springer.com/">http://link.springer.com/</a>
Nota pública ACCESO RED UACh-Suscripción
856 ## - LOCALIZACIÓN Y ACCESO ELECTRÓNICOS
Identificador Uniforme del Recurso <a href="https://chapingo.idm.oclc.org/login?url=http://link.springer.com/">https://chapingo.idm.oclc.org/login?url=http://link.springer.com/</a>
Nota pública ACCESO EXTERNO-Suscripción
856 ## - LOCALIZACIÓN Y ACCESO ELECTRÓNICOS
Identificador Uniforme del Recurso <a href="https://www.springeropen.com/">https://www.springeropen.com/</a>
Nota pública ACCESO ABIERTO
942 ## - ELEMENTOS DE PUNTO DE ACCESO ADICIONAL (KOHA)
Fuente del sistema de clasificación o colocación Clasificación Universidad Autónoma de Chapingo
942 ## - ELEMENTOS DE PUNTO DE ACCESO ADICIONAL (KOHA)
Tipo de ítem Koha Recursos Electrónicos 2026
Holdings
Estado de retiro Estado de pérdida Fuente del sistema de clasificación o colocación Estado dañado No para préstamo Código de colección Localización permanente Ubicación/localización actual Ubicación en estantería Fecha de adquisición Total de préstamos Fecha visto por última vez Precio válido a partir de Tipo de ítem Koha
    Clasificación Universidad Autónoma de Chapingo     Libros Electrónicos Biblioteca Digital Biblioteca Digital En línea 18/10/2024   18/10/2024 18/10/2024 Recursos Electrónicos 2026
    Clasificación Universidad Autónoma de Chapingo     Acceso Abierto Biblioteca Digital Biblioteca Digital En línea 21/10/2024   21/10/2024 21/10/2024 Revistas - Acceso Abierto